Statistics for Largest County by U.S. State

Click here to take the quiz!

General Stats

  • This quiz has been taken 9 times
  • The average score is 13 of 50

Answer Stats

State Pop. County % Correct
Hawaii953,207Honolulu
75%
Illinois5,194,675Cook
75%
Alaska291,826Anchorage
75%
California9,974,203Los Angeles
75%
Georgia977,773Fulton
63%
Arizona3,817,117Maricopa
63%
Florida2,662,874Miami-Dade
50%
Michigan1,820,584Wayne
50%
Virginia1,142,234Fairfax
50%
North Carolina944,373Mecklenburg
38%
Nevada2,000,759Clark
38%
New York2,504,700Kings
38%
Pennsylvania1,526,006Philadelphia
38%
Utah1,029,665Salt Lake
38%
Texas4,092,459Harris
38%
Ohio1,280,122Cuyahoga
38%
Missouri1,000,438Saint Louis
38%
Connecticut916,829Fairfield
38%
Oregon756,530Multnomah
25%
New Jersey905,116Bergen
25%
Indiana903,393Marion
25%
Delaware538,479New Castle
25%
New Mexico670,968Bernalillo
25%
Washington1,931,249King
25%
Maryland1,004,709Montgomery
25%
Tennessee927,644Shelby
25%
Minnesota1,152,425Hennepin
25%
Wisconsin947,735Milwaukee
25%
Rhode Island626,667Providence
25%
Oklahoma718,633Oklahoma
13%
Idaho392,365Ada
13%
Arkansas382,748Pulaski
13%
Iowa430,640Polk
13%
Alabama658,466Jefferson
13%
Massachusetts1,503,085Middlesex
13%
Colorado622,263El Paso
0%
Wyoming94,483Laramie
0%
West Virginia193,063Kanawha
0%
Vermont161,382Chittenden
0%
South Dakota169,468Minnehaha
0%
North Dakota149,778Cass
0%
Mississippi245,285Hinds
0%
Kentucky741,096Jefferson
0%
Maine289,977Cumberland
0%
Montana155,634Yellowstone
0%
Nebraska537,256Douglas
0%
Louisiana440,171East Baton Rouge
0%
New Hampshire406,678Hillsborough
0%
Kansas559,913Johnson
0%
South Carolina451,225Greenville
0%

Score Distribution

Percentile by Number Answered

Percent of People with Each Score

Your Score History

You have not taken this quiz